000 00400nam a2200145Ia 4500
008 231129s1998||||xx |||||||||||||| ||spa||
020 _a84-8265-041-6
040 _bspa
082 _a821 B996p
100 _aByron Lord George
245 0 _aLas peregrinaciones de Childe-Harold
260 _c1998
264 _aClub Internacional del Libro
942 _2ddc
_cBKS
999 _c18911
_d18911